Die 20 MSV Duisburg-Spieler mit den meisten Toren - Statistiken

Allgemein
  • Dieses Quiz wurde 35 mal gespielt
  • Das Durchschnittsergebnis liegt bei 5 aus 20
Antwortstatistiken
Nationalität Jahre Tore Antwort % Korrekt
Deutschland 1970-1982 87 Bernard Dietz
85%
Nigeria 2013-2018 60 Kingsley Onuegbu
62%
Deutschland 1987-1992 74 Michael Tönnies
58%
Deutschland 2017-2023 65 Moritz Stoppelkamp
58%
Marokko 2003-2006 43 Abdelaziz Ahanfouf
35%
Deutschland 1971-1979 119 Ronald Worm
35%
Deutschland 1958-1967 67 Werner Krämer
31%
Deutschland 1971-1983 89 Rudolf Seliger
23%
Deutschland 1972-1984 93 Herbert Büssers
19%
Deutschland 1955-1969 41 Ludwig Nolden
19%
Deutschland 1967-1976 54 Bernd Lehmann
12%
Niederlande 1956-1966 70 Heinz Versteeg
12%
Deutschland 1981-1984 42 Roland Wohlfarth
12%
Deutschland 1967-1973 56 Rainer Budde
8%
Deutschland 1962-1969 43 Horst Gecks
4%
Deutschland 1945-19471949-1956 66 Karl Hetzel
4%
Deutschland 1983-1994 47 Michael Struckmann
4%
Deutschland 1973-1978 41 Theo Bücker
4%
Deutschland 1986-1992 49 Uwe Kober
4%
Deutschland 1957-1969 55 Werner Lotz
4%
Keine übereinstimmenden Quizze gefunden
Verteilung der Resultate
Anzahl Personen mit jedem Resultat
Perzentil nach korrekt beantworteten Fragen
Ihre Resultats-Entwicklung
Sie haben dieses Quiz noch nicht gespielt